Tìm hiểu việc sử dụng thành ngữ, tục ngữ trong các tác phẩm viết cho thiếu nhi của Tô Hoài
Cơ sở lí luận. Thống kê, phân loại thành ngữ, tục ngữ trong các tác phẩm viết cho thiếu nhi của Tô Hoài. Xây dựng hệ thống bài tập bổ trợ luyện viết văn miêu tả có sử dụng thành ngữ, tục ngữ cho học sinh khá giỏi lớp 4, lớp 5....
Salvato in:
| Autore principale: | |
|---|---|
| Altri autori: | |
| Natura: | Libro |
| Pubblicazione: |
Đà Nẵng
Đại học Sư phạm, Đại học Đà Nẵng
2013
|
| Soggetti: | |
| Tags: |
Aggiungi Tag
Nessun Tag, puoi essere il primo ad aggiungerne! !
|
| Thư viện lưu trữ: | Mạng thư viện Đại học Đà Nẵng |
|---|
| LEADER | 02113nam a2200409 4500 | ||
|---|---|---|---|
| 001 | 000018368 | ||
| 003 | 14799 | ||
| 005 | 20131112151148.0 | ||
| 008 | 131022s2013 sd | ||
| 082 | 1 | 4 | |a 372.64 |b TR-L |
| 100 | 1 | |a Trần Hoàng Hiền Linh | |
| 245 | 1 | |a Tìm hiểu việc sử dụng thành ngữ, tục ngữ trong các tác phẩm viết cho thiếu nhi của Tô Hoài |c Trần Hoàng Hiền Linh ; Bùi Thị Thanh hướng dẫn |k Khóa luận tốt nghiệp | |
| 260 | |a Đà Nẵng |b Đại học Sư phạm, Đại học Đà Nẵng |c 2013 | ||
| 300 | |a 88 tr., phụ lục 21 tr. |b Hình mh. |c 29 cm. |e Bản tóm tắt | ||
| 500 | |a Khóa luận tốt nghiệp đại học. Chuyên ngành: Sư phạm Tiểu học | ||
| 504 | |a Mục lục đầu trang, tài liệu tham khảo tr. 73 - 74, phụ lục [13 tr.] | ||
| 520 | |a Cơ sở lí luận. Thống kê, phân loại thành ngữ, tục ngữ trong các tác phẩm viết cho thiếu nhi của Tô Hoài. Xây dựng hệ thống bài tập bổ trợ luyện viết văn miêu tả có sử dụng thành ngữ, tục ngữ cho học sinh khá giỏi lớp 4, lớp 5. | ||
| 600 | 1 | 4 | |b Vua |c Đinh Tiên Hoàng |
| 650 | 0 | 4 | |a Giáo dục tiểu học |v Khóa luận tốt nghiệp |x Văn học |
| 650 | 0 | 4 | |a Thành ngữ |v Khóa luận tốt nghiệp |x Dạy và học |
| 650 | 0 | 4 | |a Tục ngữ |v Khóa luận tốt nghiệp |x Dạy và học |
| 653 | |a Thành ngữ | ||
| 653 | |a Khoa Tiểu học - Mầm non | ||
| 653 | |a Tục ngữ | ||
| 653 | |a Văn học thiếu nhi | ||
| 653 | |a Tô Hoài | ||
| 700 | 1 | |a Bùi Thị Thanh |e Hướng dẫn | |
| OWN | |a LSP | ||
| AVA | |a UDN50 |b LSP |d 372.64 TR-L |e available |t Error 5001 Not defined in file expand_doc_bib_avail. |f 1 |g 0 |h N |i 0 |k 1 | ||
| 999 | |a From the UDN01 | ||
| AVA | |a UDN50 |b LSP |d 372.64 TR-L |e available |t Error 5001 Not defined in file expand_doc_bib_avail. |f 1 |g 0 |h N |i 0 |k 1 | ||
| TYP | |a Monograph | ||
| TYP | |a Printed language | ||
| 980 | |a Mạng thư viện Đại học Đà Nẵng | ||